Sports Quiz

Random Sports Quiz

Euro 2016 Group Teams Quiz Stats

Quiz not verified by Sporcle

Challenge
Share
Tweet
Embed
Score 0/24 Timer 05:00
0 Plays Today
Answer % Correct
England
100%
Wales
96.6%
Spain
96.6%
Iceland
96.6%
Portugal
96.6%
France
94.9%
Germany
94.9%
Croatia
94.9%
Switzerland
93.2%
Russia
93.2%
Northern Ireland
93.2%
Belgium
93.2%
Answer % Correct
Poland
91.5%
Italy
91.5%
Hungary
89.8%
Albania
88.1%
Slovakia
88.1%
Sweden
88.1%
Austria
88.1%
Romania
86.4%
Republic of Ireland
86.4%
Ukraine
84.7%
Turkey
83.1%
Czech Republic
78%

You're not logged in!

Compare scores with friends on all Sporcle quizzes.
Sign Up with Email
OR
Log In

You Might Also Like...

Show Comments

Extras

Top Quizzes Today


Score Distribution

Your Account Isn't Verified!

In order to create a playlist on Sporcle, you need to verify the email address you used during registration. Go to your Sporcle Settings to finish the process.